=LDR 00000nam 2200000 4500 =001 INLIS000000000019422 =005 20230109091731 =035 ##$$a 0010-061300000019422 =008 230109################g##########0#ind## =041 ##$$a Ind =082 ##$$a 373 =090 ##$$a 373, Sud a =100 ##$$a Sudiyo,Drs =245 1#$$a Arus perjuangan pemuda dari masa ke masa : $b Buku Acuan untuk Siswa SMU /$c Drs. Sudiyo =260 ##$$a Jakarta :$b Asdi Mahasatya,$c 2003 =300 ##$$a viii, 214 hlm ; $c 20x14 cm =650 #4$$a Pendidikan Lanjutan =850 ##$$a NBPNMAT =020 ##$$a 9795188607 =084 ##$$a 373 SUD a =250 ##$$a cet 1 =990 ##$$a 0001/BPAP-NTB/20142014 =990 ##$$a 0001/BPAP-NTB/2015 =990 ##$$a 01201900940 =990 ##$$a 3117031170 =990 ##$$a 10606629 =990 ##$$a 0001/BPAP-NTB/20142014 =990 ##$$a 0001/BPAP-NTB/2015 =990 ##$$a 01201900940 =990 ##$$a 10606627 =990 ##$$a 0001/BPAP-NTB/20142014 =990 ##$$a 0001/BPAP-NTB/2015 =990 ##$$a 10606629 =990 ##$$a 106066264 =990 ##$$a 0001/BPAP-NTB/2015 =990 ##$$a 10606627 =990 ##$$a 10606629